ARRUPE JESUIT UNIVERSITY

CORONAVIRUS -STOP THE SPREAD - CLEAN,DISINFECT,COVER

The Confessions (Record no. 119186)

MARC details
000 -LEADER
fixed length control field 00387nam a22001337a 4500
008 - FIXED-LENGTH DATA ELEMENTS--GENERAL INFORMATION
fixed length control field 131210b xxu||||| |||| 00| 0 eng d
050 ## - LIBRARY OF CONGRESS CALL NUMBER
Classification number BR65.A91C6 1997
100 ## - MAIN ENTRY--PERSONAL NAME
Personal name Augustine, Saint
9 (RLIN) 5469
245 ## - TITLE STATEMENT
Title The Confessions
Statement of responsibility, etc Saint Augustine
260 ## - PUBLICATION, DISTRIBUTION, ETC. (IMPRINT)
Place of publication, distribution, etc New York
Name of publisher, distributor, etc New City Press
Date of publication, distribution, etc 1997
300 ## - PHYSICAL DESCRIPTION
Extent 416p. ;
Dimensions 23cm.
650 ## - SUBJECT ADDED ENTRY--TOPICAL TERM
Topical term or geographic name as entry element Theology
General subdivision Early Church
9 (RLIN) 5470
942 ## - ADDED ENTRY ELEMENTS (KOHA)
Source of classification or shelving scheme Library of Congress Classification
Item type Monograph ( Printed materials)
Koha issues (borrowed), all copies 8
Holdings
Withdrawn status Lost status Source of classification or shelving scheme Damaged status Not for loan Home library Current library Date acquired Total Checkouts Full call number Barcode Date last seen Date last borrowed Price effective from Koha item type Checked out
    Library of Congress Classification     ARRUPE LIBRARY ARRUPE LIBRARY 10/12/2013 16 BR65.A91C6 1997 46411331 08/03/2024 06/02/2024 10/12/2013 Monograph ( Printed materials)  
    Library of Congress Classification     ARRUPE LIBRARY ARRUPE LIBRARY 10/12/2013 9 BR65.A91C6 1997 46411332 08/10/2024 24/09/2024 10/12/2013 Monograph ( Printed materials)  
    Library of Congress Classification     ARRUPE LIBRARY ARRUPE LIBRARY 10/12/2013 17 BR65.A91C6 1997 46411333 05/07/2024 14/06/2024 10/12/2013 Monograph ( Printed materials)  
    Library of Congress Classification     ARRUPE LIBRARY ARRUPE LIBRARY 10/12/2013 8 BR65.A91C6 1997 46410332 04/06/2019 18/12/2018 10/12/2013 Monograph ( Printed materials)  
    Library of Congress Classification     ARRUPE LIBRARY ARRUPE LIBRARY 10/12/2013 17 BR65.A91C6 1997 46410328 21/11/2023 21/11/2023 10/12/2013 Monograph ( Printed materials) 05/12/2023
    Library of Congress Classification     ARRUPE LIBRARY ARRUPE LIBRARY 10/12/2013 13 BR65.A91C6 1997 46410329 22/02/2019 28/01/2019 10/12/2013 Monograph ( Printed materials)  

 

Arrupe Library. PO Box MP320 Mt Pleasant, Harare, Zimbabwe
263 242 745411|librarian@aju.ac.zw